| 000 | 00769cam a2200289 i 4500 | ||
|---|---|---|---|
| 001 | 283332 | ||
| 003 | OSt | ||
| 005 | 20180116183026.0 | ||
| 008 | 841213s1977 nyu 000 1 eng | ||
| 010 | _a 76051781 | ||
| 020 | _a0688031811 | ||
| 035 | _a(OCoLC)2644471 | ||
| 035 | _a(OCoLC)ocm02644471 | ||
| 035 | _a(CStRLIN)NYCG84-B88145 | ||
| 035 | _a(NNC)283332 | ||
| 040 | _c0 | ||
| 050 | 0 |
_aPZ4.D913 _bTe _aPS3554.U465 |
|
| 082 | _a813.54 DUN 1977 | ||
| 090 |
_aPS3554.U465 _bT4 1977g |
||
| 100 | 1 |
_aDuncan, Robert L. _q(Robert Lipscomb), _d1927-1999. |
|
| 245 | 1 | 0 |
_aTemple Dogs _ba novel / _cby Robert L. Duncan. |
| 260 |
_aNew York : _bMorrow, _c1977. |
||
| 300 |
_a346 p. ; _c22 cm. |
||
| 440 | _aTemple Dogs | ||
| 942 |
_2ddc _cBK |
||
| 999 |
_c350791 _d350791 |
||